[Event "TCh-AUT 2003-4"]
[Site "Velden AUT"]
[Date "2004.01.25"]
[Round "7"]
[White "Ellers,H"]
[Black "Herndl,H"]
[Result "1-0"]
[WhiteElo "2402"]
[BlackElo "2313"]

1.d4 d5 2.c4 c6 3.Nf3 Nf6 4.Nc3 dxc4 5.a4 Bf5 6.e3 e6 7.Bxc4 Bb4 8.O-O Nbd7
9.Qe2 Bg6 10.e4 O-O 11.Bd3 Bh5 12.Bf4 Re8 13.h3 Bxf3 14.Qxf3 e5 15.dxe5 Nxe5
16.Bxe5 Rxe5 17.Qg3 Qd4 18.Rad1 Bxc3 19.bxc3 Qxc3 20.Rc1 Qa5 21.Rc4 Rd8 22.f4 Rc5
23.e5 Rxc4 24.exf6 Qc5+ 25.Kh2 g6 26.Bxc4 Qxc4 27.Qg5 Qd4 28.Rd1  1-0

[Event "1st WinTV Open"]
[Site "Chennai IND"]
[Date "2004.01.28"]
[Round "9"]
[White "Sundararajan,K"]
[Black "Lodhi,M"]
[Result "0-1"]
[WhiteElo "2437"]
[BlackElo "2395"]

1.Nf3 d5 2.d4 c6 3.c4 Nf6 4.Nc3 dxc4 5.a4 Bf5 6.Nh4 Bd7 7.e4 e6 8.Bg5 h6
9.Bxf6 Qxf6 10.Nf3 b5 11.Be2 Bb4 12.O-O O-O 13.Ne5 Bxc3 14.bxc3 a6 15.f4 Ra7
16.Bh5 g6 17.Rf3 Be8 18.Qd2 gxh5 19.Raf1 Kh7 20.f5 Qg5 21.Qf2 Rg8 22.f6 h4
23.Rf4 h3 24.Rg4 Qxg4 25.Nxg4 Rxg4 26.g3 Rb7 27.Qe2 Rg6 28.e5 Nd7 29.a5 Rc7
30.Qe4 Nf8 31.Rf4 Kg8 32.Rh4 Nh7 33.Qe3 Ng5 34.Kf1 Kh7 35.Ke2 Rb7 36.Kd1 Rd7
37.Kc2 Rd5 38.Rf4 Bd7 39.Kb2 Bc8 40.Ka3 Bb7 41.Kb4 c5+ 42.dxc5 Rd3 43.Qe2 Bc6
44.Qf2 Nf3 45.Rxf3 Rxf3 46.Qd2 Rd3 47.Qf2 Rg4 48.Qe2 h5 49.Qf1 Bg2 50.Qf2 Bc6
51.Qf1 Rdxg3 52.Qb1+ Rd3 53.Qf1 Kg6 54.Qf2 Rg2 55.Qa2 Rdd2 56.Qb1+ Rc2 57.Ka3 Rxh2
58.Qb2 Rhg2 59.Qb1 h2 60.Kb4 h1=Q 61.Ka3 Qc1+  0-1

[Event "TCh-FRA Nat1 GpA"]
[Site "Evry FRA"]
[Date "2004.01.30"]
[Round "1"]
[White "Neiman,E"]
[Black "Midoux,S"]
[Result "0-1"]
[WhiteElo "2334"]
[BlackElo "2315"]

1.d4 Nf6 2.Nf3 d5 3.c4 c6 4.Nc3 dxc4 5.a4 Bf5 6.e3 e6 7.Bxc4 Bb4 8.O-O O-O
9.Qe2 Nbd7 10.Rd1 Ne4 11.Nxe4 Bxe4 12.Bd3 Bxd3 13.Qxd3 Qa5 14.e4 Rfe8 15.Bf4 Rad8
16.Qb3 h6 17.Rac1 Qb6 18.h3 Nf6 19.Ne5 Bc5 20.Qf3 Bxd4 21.Nc4 Qb4 22.e5 Nh7
23.Nd6 Rxd6 24.exd6 e5 25.Qa3 Qxa3 26.bxa3 c5 27.Rxd4 exd4 28.Rxc5 Nf6 29.Rc7 g5
30.Bd2 Rd8 31.Rxb7 Rxd6 32.Rxa7 Ne4 33.Bb4 d3 34.Re7 d2 35.Rxe4 d1=Q+ 36.Re1 Qd3
37.Bxd6 Qxd6 38.Re3 Qd1+ 39.Kh2 Qd6+ 40.Kg1 Qd1+ 41.Kh2 f5 42.Rf3 Qd5 43.h4 Qe5+
44.Kg1 g4 45.Re3 Qa1+ 46.Kh2 f4 47.Re8+ Kf7 48.Re4 Qf6 49.a5 Qxh4+ 50.Kg1 Qf6
51.a6 g3 52.Re1 Qxa6 53.fxg3 fxg3 54.Rf1+ Kg6 55.Rf3 Qd6  0-1

[Event "TCh-FRA Nat1 GpB"]
[Site "Cannes FRA"]
[Date "2004.01.31"]
[Round "2"]
[White "Shchekachev,A"]
[Black "Shirov,A"]
[Result "0-1"]
[WhiteElo "2520"]
[BlackElo "2736"]

1.Nf3 d5 2.d4 c6 3.c4 Nf6 4.Nc3 dxc4 5.a4 Bf5 6.Ne5 Nbd7 7.Nxc4 Qc7 8.g3 e5
9.dxe5 Nxe5 10.Bf4 Nfd7 11.Qc1 g6 12.Bg2 Bg7 13.O-O O-O 14.Rd1 Be6 15.Ne4 Bxc4
16.Qxc4 Nxc4 17.Bxc7 Ndb6 18.a5 Nd5 19.Bf4 Nxb2 20.Rdc1 Nxf4 21.gxf4 Rad8
22.Ra3 Rfe8 23.e3 Nd3 24.Rd1 Nb4 25.Rb1 Na6 26.h4 Re7 27.h5 f5 28.Ng5 Bf6
29.hxg6 hxg6 30.Nf3 Nc5 31.Bf1 Kg7 32.Ra2 a6 33.Kg2 Ne4 34.Rc1 Rd5 35.Ne1 Red7
36.Bc4 Rc5 37.Rcc2 Nc3 38.Be6 Re7 39.Bc8 Ne4 40.Rxc5 Nxc5 41.Rc2 Ne4 42.Nd3 Nd6
43.Bxb7 Nxb7 44.Rxc6 Nxa5 45.Rxa6 Nc4 46.Rc6 Nd2 47.Rc2 Ne4 48.Kf3 Kf7 49.Ke2 Nc3+
50.Kd2 Rc7 51.Ke1 Ra7 52.Kd2 Ra3 53.f3 Nd5  0-1

[Event "TCh-FRA Nat1 GpB"]
[Site "Clichy FRA"]
[Date "2004.01.31"]
[Round "2"]
[White "Komarov,D"]
[Black "Berkes,F"]
[Result "1/2-1/2"]
[WhiteElo "2566"]
[BlackElo "2602"]

1.d4 d5 2.c4 c6 3.Nf3 Nf6 4.Nc3 dxc4 5.a4 Bf5 6.Ne5 Nbd7 7.Nxc4 Nb6 8.Ne5 a5
9.g3 Nfd7 10.Nf3 e6 11.Bg2 Bb4 12.O-O O-O 13.e4 Bg4 14.h3 Bxf3 15.Qxf3 e5
16.Ne2 Qe7 17.Qb3 Rad8 18.Be3 Rfe8 19.Rfd1 exd4 20.Nxd4 g6 21.Qc2 Nc5 22.h4  1/2-1/2

[Event "TCh-FRA Nat1 GpA"]
[Site "Nancy FRA"]
[Date "2004.01.31"]
[Round "2"]
[White "Schenk,A"]
[Black "Nezar,M"]
[Result "1/2-1/2"]
[WhiteElo "2499"]
[BlackElo "2396"]

1.d4 d5 2.c4 c6 3.Nf3 Nf6 4.Nc3 dxc4 5.a4 Bf5 6.Ne5 e6 7.f3 Bb4 8.e4 Bxe4
9.fxe4 Nxe4 10.Bd2 Qxd4 11.Nxe4 Bxd2+ 12.Nxd2 Qxe5+ 13.Be2 b5 14.axb5 cxb5
15.Ra5 O-O 16.Nxc4 Qg5 17.Bf3 Nc6 18.Bxc6 Rac8 19.O-O Rxc6 20.Qd2 Qxd2 21.Nxd2 Rc2
22.Ne4 Rxb2 23.Rxa7 h6 24.Rb7 b4 25.h3 b3 26.Rf3 Rb1+ 27.Kh2 b2 28.Nd2 Rd1
29.Rxb2 Rd8 30.Rf2 Rd7 31.Rb8+ Kh7 32.Nf3 R1d5 33.Re2 Rd8 34.Rb7 R8d7 35.Rb3 Rc7
36.Rb8 Rdc5 37.Rf8 g5 38.Rd2 Kg7 39.Rdd8 h5 40.Rh8 g4 41.hxg4 hxg4 42.Rdg8+ Kf6
43.Rxg4 Rf5 44.Kg3 Ke7 45.Rh7 Rc3 46.Rhh4 Rc7 47.Ra4 Rf6 48.Rhf4 Rxf4 49.Kxf4 Kf6
50.Kg4 Rc2 51.g3 Rc5 52.Rf4+ Kg6 53.Nh4+ Kg7 54.Ng2 Rc3 55.Kh3 Ra3 56.Rf1 Kg6
57.Nf4+ Kg5 58.Rb1 Ra5 59.Rb8 Kf5 60.Rf8 Ra7 61.Kh4 Rb7 62.Nd3 Rd7 63.g4+ Kf6
64.Nf4 Rd4 65.Kg3 Ra4 66.Rg8 Ra3+ 67.Kh4 Ke5 68.Nh3 Ra4 69.Kh5 Ra3 70.Kh4 Ra4
71.Kg3 Ra3+ 72.Kg2 Ra2+ 73.Nf2 Ra3 74.Rf8 Kf6 75.Rh8 Kg7 76.Rh3 Ra2 77.Kg3 f5
78.Rh4 fxg4 79.Nxg4 Ra5 80.Rh1 Ra3+ 81.Kh4 Ra7 82.Rb1  1/2-1/2

[Event "9th HIT Open"]
[Site "Nova Gorica SLO"]
[Date "2004.02.02"]
[Round "5"]
[White "Tonon,A"]
[Black "Crepan,M"]
[Result "0-1"]
[WhiteElo "2196"]
[BlackElo "2292"]

1.d4 d5 2.c4 c6 3.Nf3 Nf6 4.Nc3 dxc4 5.a4 Bf5 6.Ne5 Nbd7 7.Nxc4 Qc7 8.g3 e5
9.dxe5 Nxe5 10.Bf4 Nfd7 11.Nxe5 Nxe5 12.Qd4 f6 13.a5 a6 14.Bg2 Rd8 15.Qa4 Bc5
16.Bd5 g5 17.g4 Bxf2+ 18.Kf1 gxf4 19.gxf5 Be3 20.Rd1 Qg7 21.Bf3 O-O 22.Rxd8 Rxd8
23.Nd1 Kh8 24.Nxe3 fxe3 25.Rg1 Qh6 26.Rg2 Qh3 27.Qb3 Nxf3 28.Qxe3 Nxh2+ 29.Kf2 Ng4+  0-1

[Event "IV Comunic Masters"]
[Site "Sao Paulo BRA"]
[Date "2004.02.07"]
[Round "5"]
[White "Abreu,A"]
[Black "Benares,R"]
[Result "1-0"]
[WhiteElo "2424"]
[BlackElo "2298"]

1.d4 Nf6 2.Nf3 d5 3.c4 c6 4.Nc3 dxc4 5.a4 Bf5 6.e3 e6 7.Bxc4 Bb4 8.O-O O-O
9.Qb3 Qb6 10.Nh4 Nbd7 11.Nxf5 exf5 12.Rd1 Rad8 13.Bd2 a5 14.Be1 Qc7 15.g3 Nb6
16.Bf1 h5 17.Rac1 h4 18.Bg2 hxg3 19.hxg3 Qe7 20.Bf3 g6 21.Na2 Bxe1 22.Qxb6 Bxf2+
23.Kxf2 Ng4+ 24.Bxg4 fxg4 25.Nc3 Qf6+ 26.Ke2 Rfe8 27.Rf1 Qh8 28.Kd3 Qh2 29.Qc7 Rxe3+  1-0

[Event "AS04 Centenary"]
[Site "Copenhagen DEN"]
[Date "2004.02.08"]
[Round "2"]
[White "Brondum,E"]
[Black "Nielsen,JoH"]
[Result "1/2-1/2"]
[WhiteElo "2214"]
[BlackElo "2034"]

1.d4 d5 2.Nf3 Nf6 3.c4 c6 4.Nc3 dxc4 5.a4 Bf5 6.e3 e6 7.Bxc4 Bb4 8.O-O O-O
9.Qe2 Bg4 10.Rd1 Qe7 11.h3 Bh5 12.e4 h6 13.Bf4 Nbd7 14.Qe3 Bxf3 15.Qxf3 e5
16.Be3 exd4 17.Rxd4  1/2-1/2

[Event "AS04 Centenary"]
[Site "Copenhagen DEN"]
[Date "2004.02.10"]
[Round "4"]
[White "Romsdal,T"]
[Black "Nielsen,JoH"]
[Result "1-0"]
[WhiteElo "2198"]
[BlackElo "2034"]

1.d4 d5 2.c4 c6 3.Nf3 Nf6 4.Nc3 dxc4 5.a4 Bf5 6.e3 e6 7.Bxc4 Bb4 8.O-O O-O
9.Qe2 Bg4 10.Rd1 Nbd7 11.e4 Qc7 12.e5 Nd5 13.Bd2 Nxc3 14.bxc3 Be7 15.Qe4 Bf5
16.Qf4 Rfd8 17.a5 Nf8 18.h4 c5 19.Rac1 cxd4 20.cxd4 Ba3 21.Bxe6 Bxc1 22.Bxf5 Bxd2
23.Qxd2 Rd5 24.a6 bxa6 25.Be4 Rad8 26.Bxd5 Rxd5 27.Rc1 Qd7 28.Qb4 a5 29.Qb8 Rb5
30.Qa8 Qb7 31.Qe8 Rb1 32.Rxb1 Qxb1+ 33.Kh2 Qf5 34.Qb5 Qf4+ 35.Kh3 h5 36.Qxa5 Qg4+
37.Kh2 Ne6 38.Qxa7 Qf4+ 39.Kh1 Qc1+ 40.Ng1 Qf4 41.Qb8+ Kh7 42.Qb1+ g6 43.Nf3 Nxd4
44.Qe4 Qc1+ 45.Kh2 Ne6 46.g3 Qf1 47.Qe3 Kg7 48.Nd2 Qc1 49.Kg2 Qc6+ 50.Qe4 Qc5
51.Nc4 Nd4 52.Nd6 Nc6 53.f4 Qc3 54.Qd5 Qc2+ 55.Kh3 Nd8 56.Ne8+ Kf8 57.Nf6 Qf5+
58.g4 hxg4+ 59.Kg3 Qc8 60.h5 gxh5 61.Qd6+ Kg7 62.Nxh5+ Kh7 63.Qf8 Qc3+ 64.Kxg4 Qc8+
65.Kh4  1-0

[Event "2nd Breizh Masters B"]
[Site "Guingamp FRA"]
[Date "2004.02.14"]
[Round "2"]
[White "Inkiov,V"]
[Black "Mullon,J"]
[Result "1/2-1/2"]
[WhiteElo "2461"]
[BlackElo "2325"]

1.d4 d5 2.c4 c6 3.Nf3 Nf6 4.Nc3 dxc4 5.a4 Bf5 6.Nh4 Bc8 7.e3 e5 8.Bxc4 exd4
9.exd4 Be7 10.O-O O-O 11.Re1 Na6 12.Bg5 Nc7 13.Qd3 Nfd5 14.Nxd5 Bxg5 15.Nxc7 Qxc7
16.Nf3 Bf6 17.Ne5 Bd7 18.Qg3 Rac8 19.a5 c5 20.dxc5 Bf5 21.Nxf7 Qxg3 22.Nd6+ Kh8
23.hxg3 Rxc5 24.b4 Rc7 25.Rad1 Bg6 26.Bb3 Bc3 27.Nb5 Bxe1 28.Nxc7 Bxf2+ 29.Kh2 Bh5
30.Rd7 Bg4 31.Ne6 Rc8 32.Rxb7 h5 33.Ng5 Be3 34.Be6 Re8 35.Bf7 Rd8 36.Ne6 Rd1
37.Nf4 Bg1+ 38.Kh1 Bf2+  1/2-1/2

[Event "TCh-BEL 2003-4"]
[Site "Belgium BEL"]
[Date "2004.02.15"]
[Round "9"]
[White "Ruck,R"]
[Black "Hautot,S"]
[Result "1-0"]
[WhiteElo "2556"]
[BlackElo "2322"]

1.Nf3 d5 2.d4 Nf6 3.c4 c6 4.Nc3 dxc4 5.a4 Bf5 6.Ne5 Nbd7 7.Nxc4 Qc7 8.g3 e5
9.dxe5 Nxe5 10.Bf4 Nfd7 11.Bg2 g5 12.Ne3 gxf4 13.Nxf5 O-O-O 14.Qc2 Nc5 15.O-O Ne6
16.a5 a6 17.Qe4 f3 18.exf3 Ng5 19.Qf4 Rg8 20.Kh1 Nd3 21.Qc4 Bc5 22.f4 Ne6
23.Ne4 Ba7 24.Ra3 Ndc5 25.Nxc5 Bxc5 26.Rc3 Qxa5 27.Nh6 Rd4 28.Qe2 Re8 29.Nxf7 Re7
30.Bh3  1-0

[Event "AS04 Centenary"]
[Site "Copenhagen DEN"]
[Date "2004.02.15"]
[Round "9"]
[White "Vasilevich,T"]
[Black "Romsdal,T"]
[Result "1-0"]
[WhiteElo "2393"]
[BlackElo "2198"]

1.d4 d5 2.c4 c6 3.Nf3 Nf6 4.Nc3 dxc4 5.a4 Bf5 6.e3 e6 7.Bxc4 Bb4 8.O-O Nbd7
9.Nh4 O-O 10.Nxf5 exf5 11.Bd2 Qe7 12.Qb3 Rae8 13.Rad1 b6 14.Rfe1 Bd6 15.f3 c5
16.Nb5 Bb8 17.Bc3 Nh5 18.Re2 Qh4 19.f4 Ndf6 20.Be1 Qg4 21.Nc3 Bxf4 22.exf4 Nxf4
23.Red2 cxd4 24.Nd5 N6xd5 25.Bxd5 Re3 26.Qc4 h5 27.Kh1 Rd8 28.Bb7 Rde8 29.Bf2 Re2
30.Bf3 Qg5 31.Qxd4 R2e6 32.h4 Qh6 33.Qc4 Ng6 34.Rd8 Rxd8 35.Rxd8+ Kh7 36.Bd5 Ne5
37.Qc2 Rf6 38.Bd4 Qf4 39.Qf2 Qc1+ 40.Qg1 Qf4 41.Bxe5 Qxe5 42.Qf2 g6 43.Bf3 Kg7
44.Rd5 Qe7 45.Qd2 Qc7 46.Rd4 Qg3 47.Qf4 Qf2 48.Rd2 Qe1+ 49.Kh2 Kh7 50.Rd7 a5
51.Bd5 Kg7 52.Bc4  1-0

[Event "US Amateur Team East"]
[Site "Parsippany USA"]
[Date "2004.02.15"]
[Round "3"]
[White "Schulien,C"]
[Black "Fernandez,D"]
[Result "1-0"]
[WhiteElo "2355"]
[BlackElo "2317"]

1.d4 d5 2.c4 c6 3.Nf3 Nf6 4.Nc3 dxc4 5.a4 Bf5 6.Ne5 Nbd7 7.Nxc4 Qc7 8.g3 e5
9.dxe5 Nxe5 10.Bf4 Nfd7 11.Bg2 g5 12.Ne3 gxf4 13.Nxf5 O-O-O 14.O-O Nc5 15.Qc2 Ne6
16.Rad1 Bb4 17.Qe4 Bxc3 18.bxc3 Ng6 19.Nd4 Nxd4 20.cxd4 Rhe8 21.Qc2 Rd6 22.Rd3 h5
23.Qc5 Rxe2 24.Qxa7 h4 25.Qa8+ Qb8 26.Bh3+ Kc7 27.Qa5+ b6 28.Qf5 Qh8 29.a5 hxg3
30.axb6+ Kb7 31.Ra3 gxf2+ 32.Kh1 Rd5 33.Qd3 Kxb6 34.Qxe2 Qxd4 35.Qe8 Rd8
36.Qxf7 Nh4 37.Qa7+ Kb5 38.Qa5+ Kc4 39.Rc1+  1-0

[Event "5th Montenegro Open"]
[Site "Sozina SCG"]
[Date "2004.02.18"]
[Round "1"]
[White "Nanu,C"]
[Black "Jicman,L"]
[Result "1-0"]
[WhiteElo "2486"]
[BlackElo "2248"]

1.d4 d5 2.Nf3 Nf6 3.c4 c6 4.Nc3 dxc4 5.a4 Bf5 6.e3 e6 7.Bxc4 Bb4 8.O-O Nbd7
9.Qb3 a5 10.Na2 Be7 11.Ne5 O-O 12.Nc3 Bb4 13.f3 Nxe5 14.dxe5 Nd7 15.e4 Nxe5
16.Be2 Qb6+ 17.Kh1 Bg6 18.f4 Nd7 19.f5 exf5 20.exf5 Bxf5 21.Rxf5 Rae8 22.Qc2 Re6
23.Rf1 Rfe8 24.Bc4 Re1 25.Qf5 Nf6 26.Bg5 Rxa1 27.Rxa1 Bxc3 28.bxc3 Qb2 29.Qf1 Qxc3
30.Rc1 Qe5 31.Bd2 Qh5 32.Qf3 Qh4 33.h3 h6 34.Qf4 Qh5 35.Rb1 Rd8 36.Bc3 Qg6
37.Rxb7 Nd5 38.Qf3 Nxc3 39.Bxf7+  1-0

[Event "2nd Breizh Masters B"]
[Site "Guingamp FRA"]
[Date "2004.02.19"]
[Round "7"]
[White "Laurent,B"]
[Black "Velikov,P"]
[Result "1/2-1/2"]
[WhiteElo "2363"]
[BlackElo "2447"]

1.d4 d5 2.Nf3 Nf6 3.c4 c6 4.Nc3 dxc4 5.a4 Bf5 6.Ne5 Na6 7.e3 Nb4 8.Bxc4 e6
9.O-O Be7 10.Qe2 Bg6 11.Rd1 Nd7  1/2-1/2

[Event "ch-CZE junior"]
[Site "Karlovy Vary CZE"]
[Date "2004.02.21"]
[Round "4"]
[White "Studnicka,T"]
[Black "Lahner,J"]
[Result "0-1"]
[WhiteElo "2334"]
[BlackElo "2267"]

1.d4 d5 2.c4 c6 3.Nf3 Nf6 4.Nc3 dxc4 5.a4 Bf5 6.e3 e6 7.Bxc4 Bb4 8.O-O O-O
9.Nh4 Nbd7 10.f3 Bg6 11.Nxg6 hxg6 12.e4 e5 13.Be3 a5 14.Re1 Qe7 15.Kh1 exd4
16.Bxd4 Ne5 17.Qb3 Nxc4 18.Qxc4 Rad8 19.Rad1 Rd7 20.Rd3 Rfd8 21.Red1 Bxc3
22.Bxc3 Rxd3 23.Rxd3 Rxd3 24.Qxd3 b6 25.g3 Qd7 26.Qd4 Qxd4 27.Bxd4 Nd7 28.Kg2 f6
29.f4 Kf7 30.h4 b5 31.axb5 cxb5 32.Kf3 Nb8 33.g4 Nc6 34.Bc5 Ke6 35.g5 f5
36.Ke3 a4 37.exf5+ Kxf5 38.Bf8 b4 39.Bxg7 a3 40.bxa3 bxa3 41.Kf3 a2 42.Kg3 Ne7
43.h5 gxh5 44.Kh4 Ng6+ 45.Kxh5 Nxf4+ 46.Kh6 Ne6 47.Ba1 Nxg5 48.Kg7 Ke4 49.Kf6 Nf3
50.Ke6 Nd2 51.Kd6 Nb3 52.Bb2 Nc1 53.Kc6 Kd3 54.Kb5 Kc2 55.Bh8 Nd3  0-1

[Event "II GM-Tage"]
[Site "Pulvermuehle GER"]
[Date "2004.02.21"]
[Round "3"]
[White "Prusikin,M"]
[Black "Hector,J"]
[Result "1/2-1/2"]
[WhiteElo "2519"]
[BlackElo "2518"]

1.d4 d5 2.c4 c6 3.Nf3 Nf6 4.Nc3 dxc4 5.a4 Bf5 6.e3 e6 7.Bxc4 Bb4 8.O-O Nbd7
9.Qb3 a5 10.Na2 Be7 11.Nh4 Be4 12.Nc3 Bd5 13.Nxd5 cxd5 14.Be2 Ne4 15.Nf3 Bb4
16.Ne1 Qc7 17.f3 Nef6 18.Qc2 Qb6 19.Bb5 O-O 20.Nd3 Bd6 21.Qf2 e5 22.Bd2 e4
23.Nc1 Qc7 24.f4 Nb8 25.Nb3 Nc6 26.Rfc1 Qb6 27.Nc5 Na7 28.Ra3 Nxb5 29.Rb3 Qa7
30.axb5 b6 31.Na4 Bb4 32.Rc6 Rac8 33.h3 Rxc6 34.bxc6 b5 35.Bxb4 axb4 36.Nc5 Qc7
37.Qd2 Qxc6 38.Qxb4 Rb8 39.Ra3 h5 40.Ra6 Rb6 41.Ra7 Rb8 42.Qa5 Ne8 43.Ra6 Qc8
44.Qa2 Nf6 45.Ra7 h4 46.Qa5 b4 47.Qa6 Qf5 48.Qe2 Qg6 49.b3 Qg3 50.Qf2 Nh5
51.Qxg3 hxg3 52.Kf1 g6 53.Ke2 Ng7 54.Nd7 Rd8 55.Nf6+ Kf8 56.Ra5 Rd6 57.Nxd5 Nf5
58.Nxb4 Rb6 59.Ra4 Nh4 60.Kf1 Rb5 61.d5 Ke7 62.Nc2 Rxb3 63.Rxe4+ Kd6 64.Rd4 Nf5
65.Rd2 Nxe3+ 66.Nxe3 Rxe3 67.Rd4 f5 68.Ra4 Kxd5 69.Ra6 Ke4 70.Ra4+ Kd3 71.Ra3+ Kd2
72.Ra2+ Kd3 73.Ra3+ Ke4 74.Ra4+ Kd5 75.Ra6 Rc3 76.Rxg6 Ke4 77.Ra6 Kxf4 78.Ra1 Rc2
79.Kg1 Kg5 80.Rf1 f4 81.Ra1 Kh4 82.Rf1 Rc4 83.Ra1 f3 84.gxf3 Kxh3 85.Rb1 Rf4
86.Rb8  1/2-1/2

[Event "ch-TUR"]
[Site "Kusadasi TUR"]
[Date "2004.03.02"]
[Round "5"]
[White "Yildiz,Em"]
[Black "Haznedaroglu,K"]
[Result "0-1"]
[WhiteElo "2071"]
[BlackElo "2360"]

1.d4 d5 2.Nf3 Nf6 3.c4 c6 4.Nc3 dxc4 5.a4 Bf5 6.Nh4 Bd7 7.e3 b5 8.Be2 e6
9.Nf3 Bb4 10.O-O O-O 11.Ne5 a5 12.Bf3 Bxc3 13.axb5 Bb4 14.bxc6 Nxc6 15.Nxc6 Bxc6
16.Bxc6 Rc8 17.Ba4 Qd6 18.Qe2 e5 19.Rd1 Rc7 20.f3 Rfc8 21.dxe5 Qxe5 22.e4 h5
23.g3 g5 24.Kg2 Bf8 25.Qe3 g4 26.Qg5+ Qxg5 27.Bxg5 gxf3+ 28.Kxf3 Ng4 29.Bf4 Rb7
30.Rd2 Bg7 31.h3 Ne5+ 32.Bxe5 Bxe5 33.Bc2 c3 34.bxc3 Bxc3 35.Rad1 Bxd2 36.Rxd2 Rb2  0-1

[Event "ch-PER"]
[Site "Lima PER"]
[Date "2004.03.05"]
[Round "1.1"]
[White "Samame Castillo,J"]
[Black "Soto Dextre,E"]
[Result "1/2-1/2"]
[WhiteElo "2229"]
[BlackElo "2191"]

1.d4 d5 2.Nf3 c6 3.c4 Nf6 4.Nc3 dxc4 5.a4 Bf5 6.e3 e6 7.Bxc4 Bb4 8.O-O O-O
9.Qe2 Ne4 10.Bd2 Nxd2 11.Nxd2 Bg6 12.Rfd1 Nd7 13.h3 Qe7 14.a5 Rac8 15.Bb3 Rfd8
16.Nf3 Bh5 17.Ne4 Nf6 18.Ng3 Bxf3 19.Qxf3 a6 20.Ra4 Rd7 21.Ne4 Nxe4 22.Qxe4 Rcd8
23.Rc1 Bd6 24.g3 Qg5  1/2-1/2

[Event "ch-PER"]
[Site "Lima PER"]
[Date "2004.03.07"]
[Round "3.1"]
[White "Condori,E"]
[Black "Lopez,Dan"]
[Result "0-1"]
[WhiteElo "2225"]
[BlackElo "2200"]

1.d4 d5 2.c4 c6 3.Nc3 dxc4 4.Nf3 Nf6 5.a4 Bf5 6.Ne5 Nbd7 7.Nxc4 Qc7 8.f3 e5
9.dxe5 Nxe5 10.e4 Rd8 11.Qc2 Be6 12.Nxe5 Qxe5 13.Be3 Bb4 14.Be2 a5 15.O-O Bc5
16.Qc1 Nd7 17.f4 Bxe3+ 18.Qxe3 Qc5 19.Kf2 f6 20.Rad1 Qxe3+ 21.Kxe3 Ke7 22.Rd4 Nb6
23.Rfd1 Bb3 24.R1d2 Rxd4 25.Rxd4 Rd8 26.Bd3 Re8 27.e5 fxe5 28.fxe5 h6 29.g3 Nd7
30.Ne4 b6 31.Nd6 Rg8 32.Nf5+ Ke8 33.Nd6+ Ke7 34.Nf5+ Ke8 35.Nd6+ Kd8 36.Bf5 Bd5
37.e6 Nc5 38.b4 axb4 39.Rxb4 Nxe6 40.Nc4 Bxc4 41.Rxc4 Nc5 42.a5 Kc7 43.axb6+ Kxb6
44.h4 Kb5 45.Rc1 Re8+ 46.Kf3 Rf8 47.Kg4 Rf6 48.Rb1+ Kc4 49.Rc1+ Kd4 50.h5 Kd5
51.Re1 Kd6 52.Re8 Rf7 53.Bg6 Rc7 54.Kf4 Ne6+ 55.Kf5 Nd4+ 56.Ke4 c5 57.g4 Nc6
58.g5 hxg5 59.Kf5 Ne7+ 60.Kxg5 Nxg6 61.Kxg6 c4 62.Rf8  0-1

[Event "TCh-BEL 2003-4"]
[Site "Belgium BEL"]
[Date "2004.03.09"]
[Round "10"]
[White "Van Heirzeele,D"]
[Black "Diepeveen,V"]
[Result "1/2-1/2"]
[WhiteElo "2227"]
[BlackElo "2276"]

1.d4 d5 2.c4 c6 3.Nf3 Nf6 4.Nc3 dxc4 5.a4 Bf5 6.e3 e6 7.Bxc4 Bb4 8.O-O O-O
9.Qe2 Nbd7 10.e4 Bg6 11.Bd3 Bh5 12.h3 Re8 13.g4 Bg6 14.Bf4 a5 15.Rad1  1/2-1/2

[Event "21st Open"]
[Site "Reykjavik ISL"]
[Date "2004.03.10"]
[Round "4"]
[White "Halldorsson,J"]
[Black "Gretarsdottir,L"]
[Result "1-0"]
[WhiteElo "2200"]
[BlackElo "2071"]

1.d4 d5 2.c4 c6 3.Nf3 Nf6 4.Nc3 dxc4 5.a4 Bf5 6.e3 e6 7.Bxc4 Bb4 8.O-O Nbd7
9.Qe2 Bg6 10.Bd3 Bxd3 11.Qxd3 O-O 12.Rd1 Qa5 13.Bd2 Rad8 14.Ne4 Nxe4 15.Qxe4 Rfe8
16.Bxb4 Qxb4 17.Qc2 c5 18.Ng5 g6 19.Ne4 b6 20.dxc5 Nxc5 21.Nf6+ Kg7 22.Nxe8+ Rxe8
23.Rd4 Qb3 24.Qd2 e5 25.Rb4 Qe6 26.Rd1 e4 27.Qd4+ Kg8 28.Qd5 Qf6 29.Qd6 Qg5
30.Rd5 Qg4 31.f3 Qc8 32.Rc4 exf3 33.b4 f2+ 34.Kf1 Qa6 35.Rxc5 bxc5 36.Qxa6  1-0

[Event "ch-VIE"]
[Site "Dalat City VIE"]
[Date "2004.03.13"]
[Round "3"]
[White "Ho Van Huynh"]
[Black "Ngo Ngoc Quang"]
[Result "1-0"]
[WhiteElo "2293"]
[BlackElo "2328"]

1.d4 d5 2.c4 c6 3.Nc3 Nf6 4.Nf3 dxc4 5.a4 Bf5 6.e3 e6 7.Bxc4 Bb4 8.O-O Nbd7
9.Qb3 Qb6 10.e4 Bg4 11.e5 Nd5 12.Ne4 Bxf3 13.gxf3 Qxd4 14.Rd1 Qb6 15.a5 Bxa5
16.Nd6+ Ke7 17.Rxa5 Qxa5 18.Bxd5 Nc5 19.Qe3 cxd5 20.b4 Qa4 21.Qxc5 Qxd1+
22.Kg2 Kd7 23.Qb5+ Kd8 24.Nxf7+ Kc7 25.Qc5+ Kd7 26.Qd6+ Kc8 27.Qxe6+ Kb8
28.Qd6+ Kc8 29.Qc5+ Kd7 30.Qd6+ Kc8 31.Bf4 Qa4 32.e6 Qc6 33.Qe7 a6 34.Nxh8  1-0

[Event "ch-VIE"]
[Site "Dalat City VIE"]
[Date "2004.03.18"]
[Round "9"]
[White "Bui Vinh"]
[Black "Nguyen Anh Dung"]
[Result "0-1"]
[WhiteElo "2465"]
[BlackElo "2535"]

1.d4 d5 2.Nf3 Nf6 3.c4 c6 4.Nc3 dxc4 5.a4 Bf5 6.Ne5 Na6 7.f3 Nd7 8.Nxc4 e5
9.e4 exd4 10.Qxd4 Nb4 11.Qd1 Be6 12.Be3 Nc5 13.Qxd8+ Rxd8 14.Na3 Be7 15.Bxc5 Bxc5
16.Rd1 Ke7 17.Be2 Bb3 18.Rxd8 Rxd8 19.Rf1 Nd3+ 20.Bxd3 Rxd3 21.Nab1 Bc4 22.Rh1 a5
23.Nd2 Ba6 24.h4 Be3 25.Ndb1 Bc1 26.Nd1 Bxb2 27.Nxb2 Rb3  0-1

[Event "TCh-CZE Extraliga 2003-4"]
[Site "Czech Rep CZE"]
[Date "2004.03.20"]
[Round "8"]
[White "Maksimenko,A"]
[Black "Cech,P"]
[Result "1-0"]
[WhiteElo "2541"]
[BlackElo "2397"]

1.Nf3 d5 2.d4 Nf6 3.c4 c6 4.Nc3 dxc4 5.a4 Bf5 6.Ne5 Nbd7 7.Nxc4 Qc7 8.g3 e5
9.dxe5 Nxe5 10.Bf4 Nfd7 11.Bg2 g5 12.Ne3 gxf4 13.Nxf5 O-O-O 14.Qc2 Nc5 15.O-O Ne6
16.Rac1 Rg8 17.Rfd1 Rxd1+ 18.Rxd1 fxg3 19.hxg3 Bb4 20.Ne3 Ng6 21.Bh3 Bc5
22.Nf5 Ngf4 23.Bf1 Nh5 24.e3 Nf6 25.Ne4 Nxe4 26.Qxe4 Rd8 27.Rxd8+ Qxd8 28.Nh6 Qf6
29.Qxh7 Ng5 30.Qf5+ Qxf5 31.Nxf5 Kd7 32.Kg2 Bf8 33.Bc4 f6 34.f3 a6 35.Nd4 b5
36.axb5 axb5 37.Bg8 b4 38.g4 c5 39.Nb3 Ne6 40.Nd2 Nc7 41.f4 Nb5 42.Kf3 Nd6
43.b3 Bg7 44.Bd5 Ke7 45.Kg3 Bh8 46.Kf3 Bg7 47.Nc4 Nxc4 48.Bxc4 Kd6 49.Ke4 Bf8
50.Kf5 Be7 51.Kg6 Kd7 52.Kf7 Bd8 53.e4 Bc7 54.Bb5+ Kd8 55.g5  1-0

[Event "TCh-CZE Extraliga 2003-4"]
[Site "Czech Rep CZE"]
[Date "2004.03.20"]
[Round "8"]
[White "Vacek,M"]
[Black "Olsar,J"]
[Result "1-0"]
[WhiteElo "2282"]
[BlackElo "2312"]

1.d4 d5 2.c4 c6 3.Nf3 Nf6 4.Nc3 dxc4 5.a4 Bf5 6.e3 e6 7.Bxc4 Bb4 8.O-O O-O
9.Nh4 Bg4 10.f3 Bh5 11.g4 Bg6 12.Nxg6 hxg6 13.e4 Nbd7 14.g5 Ne8 15.Kh1 e5
16.dxe5 Nxe5 17.Be2 Qe7 18.f4 Nd7 19.Bf3 Nc7 20.Be3 Rfd8 21.Qe2 Nf8 22.Bg2 Nfe6
23.Rad1 Bc5 24.Bc1 Nd4 25.Qc4 b5 26.axb5 cxb5 27.Qa2 Re8 28.f5 gxf5 29.exf5 Rad8
30.Ne4 Nxf5 31.Rxd8 Rxd8 32.g6 Rd5 33.Ng5 Qe2 34.Qb3 Bf2 35.gxf7+ Kf8 36.Nh7+ Kxf7
37.Bxd5+ Nxd5 38.Qxd5+ Kg6 39.Qe6+  1-0

[Event "5th ch-EURw"]
[Site "Dresden GER"]
[Date "2004.03.22"]
[Round "2"]
[White "Shaidullina,S"]
[Black "Bayrak,A"]
[Result "1-0"]
[WhiteElo "2316"]
[BlackElo "1898"]

1.d4 d5 2.Nf3 Nf6 3.c4 c6 4.Nc3 dxc4 5.a4 Bf5 6.Nh4 Bg6 7.Nxg6 hxg6 8.e3 e6
9.Bxc4 Be7 10.Qb3 Qb6 11.Qc2 Na6 12.a5 Nb4 13.Qe2 Qc7 14.h3 a6 15.Ra4 c5
16.dxc5 Qxc5 17.O-O Rc8 18.Bb3 g5 19.Na2 Nc6 20.Bd2 g4 21.Rc4 Qh5 22.Rfc1 gxh3
23.Qxh5 Rxh5 24.Ba4 h2+ 25.Kh1 Kd7 26.Nb4 Bxb4 27.Bxb4 Nd5 28.Bd2 Ne7 29.e4 e5
30.b4 Ke6 31.b5 axb5 32.Bxb5 Rd8 33.Be1 Nd4 34.Ba4 Ne2 35.Rb1 Rb8 36.a6 b5
37.Bxb5 Ra8 38.Rc7 Nd4 39.Bc4+ Kf6 40.Rb6+ Ne6 41.Bd5 Nxd5 42.exd5 Kf5 43.Rxf7+  1-0

[Event "14th Asian Cities"]
[Site "Tagaytay City PHI"]
[Date "2004.03.25"]
[Round "7"]
[White "Liang Chong"]
[Black "Megaranto,S"]
[Result "1-0"]
[WhiteElo "2535"]
[BlackElo "2458"]

1.d4 d5 2.c4 c6 3.Nf3 Nf6 4.Nc3 dxc4 5.a4 Bf5 6.e3 e6 7.Bxc4 Bb4 8.O-O Nbd7
9.Nh4 Bg6 10.Qb3 Qb6 11.h3 O-O 12.Nxg6 hxg6 13.Rd1 Rfd8 14.Bd2 a5 15.Rac1 Rac8
16.Be1 Qa7 17.Qc2 Qb8 18.Qe2 Nb6 19.Bb3 Rc7 20.Na2 Bxe1 21.Qxe1 Qa7 22.Rc5 Ra8
23.Nc3 Rd7 24.e4 Rad8 25.e5 Ne8 26.Ne2 Ra8 27.Ng3 Nc8 28.Ne4 Qb6 29.Rc3 Rxd4
30.Nc5 Rxd1 31.Qxd1 Qc7 32.Nxe6 fxe6 33.Bxe6+ Kh7 34.Rc4 Qe7 35.Qg4 Kh6 36.Bxc8 Qxe5
37.Re4  1-0

[Event "TCh-FRA Nat1 GpB"]
[Site "Montpellier FRA"]
[Date "2004.04.01"]
[Round "4"]
[White "Moracchini,F"]
[Black "Chabanon,JL"]
[Result "1/2-1/2"]
[WhiteElo "2284"]
[BlackElo "2449"]

1.Nf3 d5 2.d4 Nf6 3.c4 c6 4.Nc3 dxc4 5.a4 Bf5 6.Nh4 e6 7.Nxf5 exf5 8.e3 Bd6
9.Bxc4 O-O 10.h3 Na6 11.Qf3 Qd7 12.Bd3 g6 13.g4 Nb4 14.Bb1 c5  1/2-1/2

[Event "FSGM April"]
[Site "Budapest HUN"]
[Date "2004.04.03"]
[Round "1"]
[White "Pataki,G"]
[Black "Groetz,H"]
[Result "0-1"]
[WhiteElo "2374"]
[BlackElo "2359"]

1.d4 d5 2.c4 c6 3.Nc3 Nf6 4.Nf3 dxc4 5.a4 Bf5 6.e3 e6 7.Bxc4 Bb4 8.O-O Nbd7
9.Qe2 O-O 10.e4 Bg6 11.Bd3 Bh5 12.e5 Nd5 13.Nxd5 cxd5 14.Qe3 Be7 15.Bd2 Bg6
16.Ne1 Rc8 17.f4 Nc5 18.Bxg6 hxg6 19.Nd3 Nb3 20.Rad1 Rc4 21.Bc3 Rxa4 22.g4 Qb6
23.Ne1 Nc5 24.b3 Qxb3 25.Nf3 Ne4 26.Rd3 Ra3 27.Nd2 Nxd2 28.Qxd2 Rc8 29.Rff3 Ra2
30.Qe1 Qc2 31.Rd2 Qa4 32.f5 Rxd2 33.Qxd2 gxf5 34.gxf5 exf5 35.Rxf5 Qc6 36.Rf3 b5
37.h3 Qg6+ 38.Kh2 b4 39.Rg3 bxc3 40.Qg2 Qxg3+  0-1